Statistiques concernant Quiz sur le football n°3

Cliquez ici pour prendre le quiz!

Statistiques générales

  • Ce quiz a été pris 293 fois
  • Le résultat moyen est 9 sur 15

Statistiques - réponses

QuestionRéponse% Correct
Pour quel pays joue Aubameyang ?Gabon
96%
Quel est le nom du stade du Bayern Munich ?Allianz Arena
95%
Qui a remporté le ballon d'Or en 2006 ?Fabio Cannavaro
89%
Qui a le plus de ballon d'or entre Lionel Messi et Cristiano Ronaldo ?Lionel Messi
89%
Dans quel club a signé Achraf Hakimi lors de ce mercato estival 2020-2021 ?Inter Milan
80%
Thiago Silva est de nationalité brésilienne, mais quelle autre nationalité possède t-il ?Française
71%
Qui est le fabricant officiel du ballon à la coupe du monde, depuis 1970 ?Adidas
70%
En quelle année est né Kylian M'Bappé ?1998
66%
Quel est le dernier club évoluant en Ligue 1 à avoir remporté le championnat français (hors Paris SG) ?AS Monaco
57%
Quelle est la meilleure nation masculine d'Asie selon le classement FIFA ? (L'Australie est incluse car celle-ci fait parti de l'AFC)Japon
55%
Quel était le sponsor de la Ligue 1 de 2002 à 2008 ?Orange
35%
Quel est le plus grand stade d'Italie ?Stade Giuseppe Meazza
34%
Combien de clubs se situant à Vérone jouent en Serie A ? (Edition 2019-2020)1
29%
A partir de quel âge un joueur de football professionnel peut figurer dans le jeu FIFA ?17 ans
19%
Quel autre joueur brésilien possède cette double nationalité ?Brandao
17%

Distribution des résultats

Percentile par nombre de réponses

% des personnes avec chaque résultat

Votre développement - résultats

Vous n’avez pas pris ce quiz